Návrh nového tlačového zákona v SR v kontexte Európskeho štandardu ochrany slobody prejavu

Sloboda prejavu v SR. Sloboda tlače - návrh nového tlačového zákona v SR - dnes je predmetom rozsiahlych odborných i laických diskusií a kritiky zo strany vydavateľov, odbornej verejnosti, ako aj medzinárodných organizácií. Analýza návrhu nového tlačového zákona v komparácii s Európskym štandardom o...

Descripción completa

Guardado en:
Detalles Bibliográficos
Autor principal: Tyrolová, Marta
Formato: Capítulo de libro
Lenguaje:eslovaco
Materias:
Etiquetas: Agregar Etiqueta
Sin Etiquetas, Sea el primero en etiquetar este registro!

MARC

LEADER 00000naa$a2200000$$$4500
001 0102272
005 20221207083553.5
041 0 |a slo 
044 |a SK 
245 1 0 |a Návrh nového tlačového zákona v SR v kontexte Európskeho štandardu ochrany slobody prejavu  |c Marta Tyrolová 
520 |a Sloboda prejavu v SR. Sloboda tlače - návrh nového tlačového zákona v SR - dnes je predmetom rozsiahlych odborných i laických diskusií a kritiky zo strany vydavateľov, odbornej verejnosti, ako aj medzinárodných organizácií. Analýza návrhu nového tlačového zákona v komparácii s Európskym štandardom ochrany slobody prejavu. Osobitná pozornosť je venovaná navrhovanej právnej úprave prostriedkov ochrany pred zneužitím slobody tlače, ktoré návrh zákona prináša (právo na opravu, právo na odpoveď, právo na dodatočné oznámenie) a ktorých aplikácia prinesie množstvo problémov. 
610 2 0 |a sloboda 
610 2 0 |a tlač 
610 2 0 |a prejavy 
610 2 0 |a Slovensko 
610 2 0 |a zákony 
610 2 0 |a aproximácia práva 
100 1 |a Tyrolová, Marta